|
|
|
|
| LEADER |
02564nam a22004093i 4500 |
| 001 |
EBC6637512 |
| 003 |
MiAaPQ |
| 005 |
20231204023216.0 |
| 006 |
m o d | |
| 007 |
cr cnu|||||||| |
| 008 |
231204s2019 xx o ||||0 ger d |
| 020 |
|
|
|a 9783110624113
|q (electronic bk.)
|
| 035 |
|
|
|a (MiAaPQ)EBC6637512
|
| 035 |
|
|
|a (Au-PeEL)EBL6637512
|
| 035 |
|
|
|a (OCoLC)1105919022
|
| 040 |
|
|
|a MiAaPQ
|b eng
|e rda
|e pn
|c MiAaPQ
|d MiAaPQ
|
| 100 |
1 |
|
|a Schwitters, Kurt.
|
| 245 |
1 |
4 |
|a Die Reihe Merz 1923-1932.
|
| 250 |
|
|
|a 1st ed.
|
| 264 |
|
1 |
|a Berlin/Boston :
|b Walter de Gruyter GmbH,
|c 2019.
|
| 264 |
|
4 |
|c ©2019.
|
| 300 |
|
|
|a 1 online resource (972 pages)
|
| 336 |
|
|
|a text
|b txt
|2 rdacontent
|
| 337 |
|
|
|a computer
|b c
|2 rdamedia
|
| 338 |
|
|
|a online resource
|b cr
|2 rdacarrier
|
| 490 |
1 |
|
|a Kurt Schwitters. Alle Texte Series
|
| 505 |
0 |
|
|a Intro -- INHALT -- EINLEITUNG UND DANK -- EDITORISCHER BERICHT -- DIE REIHE MERZ -- Merz 1 Holland Dada -- Merz 2 Nummer /i/ -- Merz 3 Merz Mappe -- Merz 4 Banalitäten -- Merz 5 Arp Mappe -- Merz 6 Jmitatoren watch step!/Arp 1 Prapoganda und Arp -- Merz 7 -- Merz 8/9 Nasci -- Merz 10 Merzbuch/Bauhausbuch -- Merz 11 Typoreklame -- Merz 12 Hahnepeter -- Merz 13 Grammophonplatte -- Merz 14/15 Die Scheuche -- Merz 16/17 Die Märchen vom Paradies -- Merz 18/19 Ludwig Hilberseimer Grosstadtbauten -- Merz 20 Kurt Schwitters Katalog -- Merz 21 erstes Veilchenheft -- Merz 22 Entwicklung und Merz 23 e E. -- Merz 24 kurt schwitters: ursonate -- Merz 25 -- KOMMENTAR -- FARBABBILDUNGEN -- KOMMENTAR (FORTSETZUNG) -- KONTEXTKOMMENTARE -- SCHWITTERS ,MERZ UND DIE AVANTGARDE -- MEDIALE GRENZÜBERSCHREITUNGEN -- SCHWITTERS'VERLEGERISCHE TÄTIGKEITEN -- HOLLAND DADA -- BILDREPRODUKTIONEN IN DER REIHE MERZ -- ANHANG -- BIBLIOGRAFIE -- REGISTER -- VERZEICHNIS DER FARBABBILDUNGEN.
|
| 588 |
|
|
|a Description based on publisher supplied metadata and other sources.
|
| 590 |
|
|
|a Electronic reproduction. Ann Arbor, Michigan : ProQuest Ebook Central, 2023. Available via World Wide Web. Access may be limited to ProQuest Ebook Central affiliated libraries.
|
| 655 |
|
4 |
|a Electronic books.
|
| 700 |
1 |
|
|a Kocher, Ursula.
|
| 700 |
1 |
|
|a Schulz, Isabel.
|
| 700 |
1 |
|
|a Sprengel Museum Hannover, Sprengel Museum.
|
| 776 |
0 |
8 |
|i Print version:
|a Schwitters, Kurt
|t Die Reihe Merz 1923-1932
|d Berlin/Boston : Walter de Gruyter GmbH,c2019
|
| 797 |
2 |
|
|a ProQuest (Firm)
|
| 830 |
|
0 |
|a Kurt Schwitters. Alle Texte Series
|
| 856 |
4 |
0 |
|u https://ebookcentral.proquest.com/lib/matrademy/detail.action?docID=6637512
|z Click to View
|